000 00298nam a22001337a 4500
008 170313b xxu||||| |||| 00| 0 eng d
020 _a9780534179229
041 _aeng
080 _22 ED
_a591
100 _a7
101 _aSHM
245 _aPINGUINS AND PLASTIC TREES
_cPIERCE.CH
942 _2udc
_cBK
999 _c7642
_d7642